La estampida del oro / (Registro nro. 9359)

Detalles MARC
000 -LIDER
fixed length control field 00598nam a22002417a 4500
001 - NÚMERO DE CONTROL
Identificador de número de control 000199
003 - IDENTIFICACDOR DE NÚMERO DE CONTROL
control field DO-SdBNP
005 - DATE AND TIME OF LATEST TRANSACTION
control field 20160328124852.0
007 - CAMPOS FIJOS DE DESCRIPCIÓN FÍSICA
fixed length control field 000199
008 - ELEMENTOS DE LONGITUD FIJA
fixed length control field 151210b 1979 sp a 00| 0 spa d
020 ## - ISBN
International Standard Book Number 8485529111
040 ## - FUENTE DE CATALOGACIÓN
Agencia que crea de manera original el registro BPMSU
Idioma de catalogación spa
Agencia que realiza la transcripción BPMSU
092 ## - LOCALLY ASSIGNED DEWEY DECIMAL CALL NUMBER
Número de clasificación xxxx
Número de ítem (Cutter) xxxx
245 03 - MENCIÓN DE TITULO
Título La estampida del oro /
260 ## - PUBLICACIÓN, DISTRIBUCIÓN, ETC. (PIE DE IMPRENTA)
Lugar de publicación, distribución, etc Madrid ;
Nombre del editor, distribuidor, etc. ESCO,
Fecha de publicación, distribución, etc 1979.
300 ## - DESCRIPCIÓN FÍSICA
Extensión 42 p.;
Otros detalles físicos il.
Dimensiones 30 cm.
490 1# - MENCIÓN DE SERIES
Mención de serie Grandes aventuras
586 ## - AWARDS NOTE
Awards note Premio Ministerio de Cultura J. Buigas
830 #0 - ASIENTO SECUNDARIO DE SERIE--TÍTULO UNIFORME
Título uniforme Grandes aventuras
910 ## - VALIDACIÓN
Validación 00144
942 ## - ADDED ENTRY ELEMENTS (KOHA)
Source of classification or shelving scheme Dewey Decimal Classification
Koha item type Libros
956 ## - LOCAL ELECTRONIC LOCATION AND ACCESS (OCLC)
Nombre de host Yngrid Lockward
Número de acceso 10
Existencias
Withdrawn status Lost status Source of classification or shelving scheme Damaged status Not for loan Collection code Home library Current library Date acquired Source of acquisition Total Checkouts Barcode Date last seen Price effective from Koha item type
    Dewey Decimal Classification     Colección Infantil General Biblioteca Pública Metropolitana Salomé Ureña Biblioteca Pública Metropolitana Salomé Ureña 03/21/2016 Donación   BPMESU6030243 03/21/2016 03/21/2016 Libros